| 000 | 00949nam a2200241Ia 4500 | ||
|---|---|---|---|
| 003 | IN-BaIIA | ||
| 008 | 211028s9999 xx 000 0 eng d | ||
| 040 | _cIIA Library | ||
| 080 |
_a520.8(063) _bESO |
||
| 111 |
_aESO/CERNĀ ConferenceĀ on Auxiliary Instrumentation for Large Telescopes _cSwitzerland _d1972 May 2-5 _912667 |
||
| 245 | 0 |
_aAuxiliary instrumentation for large telescopes _bproceedings of the ESO/CERN Conference held in Geneva, Switzerland, May 2-5 1972 _cedited by Laustsen S. and Reiz A. |
|
| 260 |
_aGeneva _bEuropean Southern Observatory _c1972 |
||
| 300 | _axiv, 525p. | ||
| 490 | _aESO coference proceedings | ||
| 500 | _aDonated by Mrs. Bappu | ||
| 650 |
_aAstronomical instrumentation _93629 |
||
| 650 | _aAstronomy and Astrophysics Thesaurus | ||
| 650 |
_aLarge telescopes _98033 |
||
| 700 |
_aLaustsen, S., ed. _912668 |
||
| 700 |
_aReiz, A., ed. _911234 |
||
| 710 |
_aEuropean Southern Observatory _910914 |
||
| 942 | _cBK | ||
| 999 |
_c7405 _d7405 |
||